Be not afraid: overcoming the fear of death / (Record no. 74498)
[ view plain ]
| 000 -LEADER | |
|---|---|
| fixed length control field | 01011nam a22002417a 4500 |
| 003 - CONTROL NUMBER IDENTIFIER | |
| control field | PILC |
| 005 - DATE AND TIME OF LATEST TRANSACTION | |
| control field | 20240314104456.0 |
| 008 - FIXED-LENGTH DATA ELEMENTS--GENERAL INFORMATION | |
| fixed length control field | 240313b |||||||| |||| 00| 0 eng d |
| 010 ## - LIBRARY OF CONGRESS CONTROL NUMBER | |
| LC control number | Acc#48427 |
| 020 ## - INTERNATIONAL STANDARD BOOK NUMBER | |
| International Standard Book Number | 0-87486-916-1 |
| 040 ## - CATALOGING SOURCE | |
| Transcribing agency | Philippine Baptist Theological Seminary |
| 050 ## - LIBRARY OF CONGRESS CALL NUMBER | |
| Classification number | BT 825 |
| Item number | A69 2002 |
| 100 ## - MAIN ENTRY--PERSONAL NAME | |
| Personal name | Arnold, Johann Christoph |
| Relator term | Author |
| 245 ## - TITLE STATEMENT | |
| Title | Be not afraid: overcoming the fear of death / |
| 264 ## - PRODUCTION, PUBLICATION, DISTRIBUTION, MANUFACTURE, AND COPYRIGHT NOTICE | |
| Place of production, publication, distribution, manufacture | United States of America : |
| Name of producer, publisher, distributor, manufacturer | Plough Publishing House, |
| Date of production, publication, distribution, manufacture, or copyright notice | ©2002. |
| 300 ## - PHYSICAL DESCRIPTION | |
| Extent | 205 pages ; |
| Dimensions | 19 cm. |
| 504 ## - BIBLIOGRAPHY, ETC. NOTE | |
| Bibliography, etc | Includes index. |
| 505 ## - FORMATTED CONTENTS NOTE | |
| Formatted contents note | Foundations -- Fear -- Despair -- Losing a baby -- Reverence -- The childlike spirit -- Anticipation -- Readiness -- Accidents -- Beyond medicine -- In God's hands -- Suffering -- Faith -- Courage -- Healing -- Caring -- Dying -- Grief -- Resurrection -- |
| 650 ## - SUBJECT ADDED ENTRY--TOPICAL TERM | |
| Topical term or geographic name as entry element | Death |
| General subdivision | Religious aspects |
| -- | Bruderhof Communities |
| 650 ## - SUBJECT ADDED ENTRY--TOPICAL TERM | |
| Topical term or geographic name as entry element | Bruderhof Communities |
| General subdivision | Doctrines |
| 700 ## - ADDED ENTRY--PERSONAL NAME | |
| Personal name | Foreword by Madeleine L'Engle |
| 942 ## - ADDED ENTRY ELEMENTS (KOHA) | |
| Source of classification or shelving scheme | Library of Congress Classification |
| Koha item type | Circulation Books |
| Withdrawn status | Lost status | Source of classification or shelving scheme | Damaged status | Not for loan | Home library | Current library | Shelving location | Date acquired | Source of acquisition | Total Checkouts | Full call number | Barcode | Date last seen | Price effective from | Koha item type | Public note |
|---|---|---|---|---|---|---|---|---|---|---|---|---|---|---|---|---|
| Library of Congress Classification | PBTS Library | PBTS Library | Circulation Section | 03/13/2024 | Gift | BT 825 A69 2002 | 48427 | 03/17/2026 | 03/13/2024 | Circulation Books | Gemnalyn |